000 00682nam a2200289Ia 4500
005 20260324141854.0
008 008 260324s9999 xx 000 0 eng d
020 _a9781315480817
037 _aEBOOK
040 _aCRL
040 _beng
040 _cCRL
041 _2eng
041 _aeng
084 _qCRL
100 _aHugh Ragsdale
_91209833
245 4 _aThe Russian Tragedy: The Burden of History
245 4 _bThe Burden of History
260 _bTaylor and Francis
260 _c1996
365 _a
365 _b230
856 _uhttp://www.taylorfrancis.com/books/9781315480817
942 _cEBOOK
999 _c1813377
_d1813377